LEADER 00754nam0-22002771i-450- 001 990000088070403321 035 $a000008807 035 $aFED01000008807 035 $a(Aleph)000008807FED01 035 $a000008807 100 $a20011111d--------km-y0itay50------ba 101 0 $aita 105 $ay-------001yy 200 1 $aTrattato di idraulica pratica$fDomenico Turazza. 210 $a3. ed. notabilmente migliorata ed Padova$cF. Sacchetto$d1880 215 $a524 p., 4 tav.$cill.$d22 cm 610 0 $aIdraulica 676 $a621.2 700 1$aTurazza,$bDomenico 801 0$aIT$bUNINA$gRICA$2UNIMARC 901 $aBK 912 $a990000088070403321 952 $a13 AR 14 A 72$b3990$fFINBC 959 $aFINBC 997 $aUNINA DB $aING01 LEADER 00954nam0-22003131i-450- 001 990000484830403321 005 20071126111641.0 035 $a000048483 035 $aFED01000048483 035 $a(Aleph)000048483FED01 035 $a000048483 100 $a20020821d1959----km-y0itay50------ba 101 0 $aeng 105 $aa-------001yy 200 1 $aInformation transmission, modulation, and noise$ea unified approach to communication systems$fMischa Schwartz 210 $aNew York$cMcGraw-Hill$d1959 215 $a461 p.$cill.$d23 cm 225 1 $aMcGraw-Hill electrical and electronic engineering series 225 1 $aBrooklyn polytechnic institute series 610 0 $aTeoria del rumore casuale 610 0 $aModulazione 676 $a621.381'536 700 1$aSchwartz,$bMischa 801 0$aIT$bUNINA$gRICA$2UNIMARC 901 $aBK 912 $a990000484830403321 952 $a10 E II 59$b5722$fDINEL 959 $aDINEL 997 $aUNINA